Transport

Bibliographic Details
Main Authors: Volčekova, Galina (Author), Laucká, Eva (Author), Volčeková, Galina (Author)
Format: Article
Language:Slovak
PhysicalDescription:Obr. 3.
Subjects:

MARC

LEADER 00000nab a2200000 a 4500
001 vtls000215639
003 SK-MaSNL
005 20260302204415.0
008 111130c1985 xo 0 slo
015 |a SNBRB19rr/mm-uuuuu 
035 |a CL0225753 
040 |a SNKBUCL  |b slo  |c SNKBUCL  |e AACR2 
041 0 |a slo 
044 |a xo  |c SK 
080 |a 792.075  |2 1981 
080 |a 929 Volčekova, Galina  |2 1981 
100 1 |a Volčekova, Galina  |4 aut  |9 928889 
245 1 0 |a Transport  |c Galina Volčekova, Eva Laucká ; Galina Volčeková 
300 |b Obr. 3. 
650 0 7 |a Volčekova, Galina  |2 snkbucl  |9 928890 
655 7 |a články z novín a časopisov  |2 snkbucl  |9 267496 
700 1 |a Laucká, Eva  |4 aut  |9 726879 
700 1 |a Volčeková, Galina  |4 aut  |9 928891 
773 0 |t Svet socializmu  |g Č. 17 (1985), s. 12-13 
850 |a Slovenská národná knižnica v Martine  |a MTA001 
852 |a SNK  |b KIS3GCP 
958 |a RK 
958 |a SU 
992 |a RBX 
999 |c 1473213  |d 1475143